000 00659nam a2200229 i 4500
001 17896
003 ES-MaACL
005 20230906151717.0
007 t|
008 010619s2001 sp |||| | spa d
020 _a84-239-5159-6
080 _a821.134.2-31"19"
100 1 _aEtxebarría, Lucía.
_948306
245 1 0 _aDe todo lo visible y lo invisible
_b: una novela sobre el amor y otras mentiras /
_cLucía Etxebarría.
250 _a3ª ed.
260 _aMadrid :
_bEspasa Calpe,
_c2001.
300 _a452 p. ;
_c22 cm.
490 1 _aEspasa narrativa
830 1 _aEspasa narrativa
_9179733
852 4 _aES-MaACL
_jL-24735
999 _c17896
_d17896